000 00611nam a2200229Ia 4500
003 OSt
005 20221005120108.0
006 a|||||r|||| 00| 0
007 ta
008 221004b |||||||| |||| 00| 0 eng d
024 _a44558
037 _cTextual
040 _aCRL
_cCRL
_beng
041 _2eng
_aeng
082 _aO5961:1M62:1, 111F4
100 _aMaeterlinck Maurice
_961735
245 0 _aDeath of tintagiles and other plays
260 _c1924
650 _aENGLISH LITERATURE
942 _hO5961:1M62:1, 111F4
_cTEXL
_2cc
999 _c1036869
_d1036869